Interpretación y estudio crítico de balances y estados financieros (Registro nro. 1949)
[ vista simple ]
| 000 -LEADER | |
|---|---|
| fixed length control field | 01861 a2200205 4500 |
| 001 - CONTROL NUMBER | |
| control field | 29723 |
| 005 - DATE AND TIME OF LATEST TRANSACTION | |
| control field | 20260407155608.0 |
| 008 - FIXED-LENGTH DATA ELEMENTS--GENERAL INFORMATION | |
| fixed length control field | 260407a1964 arg spa d |
| 003 - CONTROL NUMBER IDENTIFIER | |
| control field | AR-UNSa-BCEJYS |
| 040 ## - CATALOGING SOURCE | |
| Original cataloging agency | AR-UNSa-BCEJYS |
| Language of cataloging | spa |
| Transcribing agency | AR-UNSa-BCEJYS |
| 080 ## - UNIVERSAL DECIMAL CLASSIFICATION NUMBER | |
| Universal Decimal Classification number | 657.36 |
| Common auxiliary subdivision | Balances de comprobación (balance estimativo). Balances de saldo. Balance intermedio |
| 100 1# - MAIN ENTRY--PERSONAL NAME | |
| Personal name | Sanz, Angel Andany |
| 245 10 - TITLE STATEMENT | |
| Title | Interpretación y estudio crítico de balances y estados financieros |
| 264 #1 - PRODUCTION, PUBLICATION, DISTRIBUTION, MANUFACTURE, AND COPYRIGHT NOTICE | |
| Place of production, publication, distribution, manufacture | Barcelona : |
| Name of producer, publisher, distributor, manufacturer | Labor |
| Date of production, publication, distribution, manufacture, or copyright notice | 1964 |
| 300 ## - PHYSICAL DESCRIPTION | |
| Extent | 352 p. |
| Dimensions | 23 cm. |
| 505 ## - FORMATTED CONTENTS NOTE | |
| Formatted contents note | 1. Balance y estado de situación financiera - 2. Existencia en caja y bancos - 3. Efectos a cobrar - 4. Aceptaciones comerciales y bancarias - 5. Cuentas a cobrar - 6. Mercancia, productos de fabricación y materiales - 7. Terrenos, edificios, maquinaria e instalaciones - 8. Inversiones diversas y otras partidas del activo - 9. Valor inmaterial - 10. Efectos a pagar, cuentas a pagar y depósitos - 11. Obligaciones, hipotecas y otros pasivos - 12. Capital y superavit - 13. Reservas odinarias y pasivo eventual - 14. Análisis de la situación - 15. Comparación de balances - 16. Capital de explotación y anticipos - 17. Activos y cargos diferidos - 18. Activo, acciones de tesoreria - 19. Patentes, marcas de fabrica y otros privilegios - 20. Emisiones de bonos oro y otras diversas, provisiones varias para amortización - 21. Emisiones diversas de acciones ordinarios - 22. Certificados de sindicación del voto - 23. Emisiones y privlegios de las acciones preferentes - 24. Acciones sin valor par - 25. Superávit ganado y adquirido de orígen diverso - 26. Fondos y cuentas de reservas - 27. Balances consolidados - 29. El balance como elemento informativo - 30. Evaluación de instalaciones. |
| 590 ## - LOCAL NOTE (RLIN) | |
| Local note | niveau_biblio:m niveau_hierar:0 |
| 700 1# - ADDED ENTRY--PERSONAL NAME | |
| Personal name | Stockwell, Herbert G. |
| 942 ## - ADDED ENTRY ELEMENTS (KOHA) | |
| Koha item type | |
| Withdrawn status | Lost status | Damaged status | Not for loan | Home library | Current library | Shelving location | Date acquired | Total checkouts | Full call number | Barcode | Date last seen | Price effective from | Koha item type |
|---|---|---|---|---|---|---|---|---|---|---|---|---|---|
| Biblioteca Prof. Eusebio Cleto del Rey | Biblioteca Prof. Eusebio Cleto del Rey | 07/04/2026 | 657.36 S864 | L22448 | 07/04/2026 | 07/04/2026 | Libro |